000 00551nam a2200205Ia 4500
005 20250326144320.0
008 250326s9999 xx 000 0 und d
020 _a978-0-415-95622-2
037 _aTextbook
040 _aFMSL
_beng
_cFMSL
041 _aeng
_2eng
084 _aL.17 P9
_qFMSL
100 _aConnell J
_9739075
245 0 _aGlobal healthcare chain
_cConnell J
260 _aLondon
_bLondon, ROUTLEDGE
_c2009
300 _axvi,197
365 _b4366.8000000000002
942 _cTB
_hL.17 P9
999 _c1303270
_d1303270